000 00736nam a2200205Ii 4500
003 JO-AjNU
008 230605s9999||||xx |||||||||||||| ||und||
040 _aJO-AjNU
_bara
_erda
_cJO-AjNU
041 _aara
050 1 4 _aDS38.1.A9252.2015
100 3 _aتايف عزام، خالد,
_eauthor
_960308
245 0 0 _aموسوعة التاريخ الاسلامي: العصر العباسي (132هـ/656م)
250 _aط1
264 3 1 _aعمان: دار اسامة للنشر والتوزيع، 2015
300 _a312ص
336 _atext
_btxt
_2rdacontent
337 _aunmediated
_bn
_2rdamedia
338 _avolume
_bnc
_2rdacarrier
650 4 _aالتاريخ الاسلامي-العصر العباسي-الموسوعات
_960309
999 _aA27187
_c30755
_d30755